Picasso, 1900-1906 (Record no. 51403)

MARC details
000 -LEADER
campo de control de longitud fija 00592nam a2200193 i 4500
001 - NÚMERO DE CONTROL
campo de control 51403
003 - IDENTIFICADOR DE NÚMERO DE CONTROL
campo de control ES-MaACL
005 - FECHA Y HORA DE LA ÚLTIMA TRANSACCIÓN
campo de control 20240205165143.0
007 - CAMPO FIJO DE DESCRIPCIÓN FÍSICA--INFORMACIÓN GENERAL
campo de control de longitud fija t|
008 - DATOS DE LONGITUD FIJA--INFORMACIÓN GENERAL
campo de control de longitud fija 030812s1967 sp f |||| | spa d
100 1# - ENTRADA PRINCIPAL--NOMBRE DE PERSONA
Nombre de persona Daix, Pierre.
9 (RLIN) 42463
245 10 - MENCIÓN DEL TÍTULO
Título Picasso, 1900-1906
Resto del título : catálogo razonado /
Mención de responsabilidad, etc. Pierre Daix y Georges Boudaille.
260 ## - PUBLICACIÓN, DISTRIBUCIÓN, ETC.
Lugar de publicación, distribución, etc. [Barcelona] :
Nombre del editor, distribuidor, etc. Blume,
Fecha de publicación, distribución, etc. 1967.
300 ## - DESCRIPCIÓN FÍSICA
Extensión 352 p., 56 lám. col. y n. ;
Dimensiones 32 cm.
600 14 - PUNTO DE ACCESO ADICIONAL DE MATERIA--NOMBRE DE PERSONA
Nombre de persona Picasso, Pablo,
Fechas asociadas al nombre 1881-1973
9 (RLIN) 91794
700 1# - ENTRADA AGREGADA--NOMBRE PERSONAL
Nombre de persona Boudaille, Georges.
9 (RLIN) 30850
852 ## - LOCALIZACIÓN
Ubicación ES-MaACL
Número de control de estantería C-33937
Holdings
Estatus retirado Estado de pérdida Estado de daño No para préstamo Biblioteca de origen Biblioteca actual Ubicación en estantería Fecha de adquisición Fuente de adquisición Total de préstamos Signatura topográfica completa Código de barras Visto por última vez Precio de reemplazo Tipo de ítem Koha
        Biblioteca del Ateneo de Madrid Biblioteca del Ateneo de Madrid Depósito 2 17/01/2008     C-33937 1054061 23/02/2023 23/02/2023 Libro impreso